| 000 | 01543nam a22002777a 4500 | ||
|---|---|---|---|
| 999 |
_c322 _d322 |
||
| 003 | AR-BaISA | ||
| 005 | 20190218130104.0 | ||
| 007 | ta | ||
| 008 | 180802s2013 sp ad||| |||| 001 0 spa d | ||
| 020 | _a9788415684244 (obra completa) | ||
| 020 | _a9788415840374 (Volumen I) | ||
| 020 | _a9788415840381 (Volumen II) | ||
| 040 | _cAR-BaISA | ||
| 082 | 0 | 4 |
_222 _a617.023 1 S34 |
| 100 | 1 | 0 |
_9797 _aSmeltzer, Suzanne |
| 245 | 1 | 0 |
_aBrunner & Suddarth Enfermería medicoquirúrgica / _cSuzanne Smeltzer...[et al.] |
| 250 | _a12ª ed. | ||
| 260 |
_aBarcelona: _bWolters Kluwer, _c2013 |
||
| 300 |
_a2 v. 2482 p.: _bil., graf. |
||
| 500 | _aNumeración distinta en el índice al final de cada volumen | ||
| 504 | _aBibliografía al final de cada capítulo | ||
| 504 | _aÍndice analítico p: I1-I94 | ||
| 505 |
_tTOMO I: _tConceptos básicos en enfermería -- _tConceptos biofísicos y psicosociales en la práctica de la enfermería -- _tConceptos y retos del manejo del paciente -- _tConceptos perioperatorios y manejo de enfermería -- _tIntercambio de gases y función respiratoria -- _tFunciones cardiovascular, circulatoria y hematológica -- _tFunción digestiva y gastrointestinal -- _tTOMO II: _tFunción metabólica y endocrina -- _tFunción del aparato urinario -- _tFunción reproductiva -- _tFunción inmunitaria -- _tFunción tegumentaria -- _tFunción sensorineural -- _tFunción neurológica -- _tFunción musculoesquelética -- _tOtros problemas graves |
||
| 650 | 1 | 4 |
_9798 _aEnfermería médico-quirúrgica |
| 942 |
_2ddc _cLI |
||